|
|
|
|
| LEADER |
00000nam2a2200000 4500 |
| 001 |
301055 |
| 005 |
20231102001349.0 |
| 020 |
|
|
|a RU
|b 83-37667ж
|
| 035 |
|
|
|a (RuTPU)RU\TPU\book\326208
|
| 090 |
|
|
|a 301055
|
| 100 |
|
|
|a 20150722c1983 km y0rusy5003 ca
|
| 101 |
0 |
|
|a rus
|
| 102 |
|
|
|a UA
|
| 105 |
|
|
|a a z 001zy
|
| 200 |
0 |
|
|a Вып. 64
|f под ред. А. И. Терещенко
|
| 210 |
|
|
|d 1983
|
| 215 |
|
|
|a 122 с.
|c ил.
|
| 306 |
|
|
|a Изд. выходит с 1965 г.
|
| 320 |
|
|
|a Библиогр. в конце ст.
|
| 461 |
|
1 |
|0 (RuTPU)RU\TPU\book\70383
|t Радиотехника
|o республиканский межведомственный научно-технический сборник
|f Харьковский институт радиоэлектроники им. М. К. Янгеля
|v Вып. 64
|d 1965-1991
|
| 606 |
1 |
|
|a Радиотехника
|2 stltpush
|3 (RuTPU)RU\TPU\subj\71345
|9 85301
|
| 610 |
1 |
|
|a радиосигналы
|
| 610 |
1 |
|
|a формирование
|
| 610 |
1 |
|
|a анализ
|
| 610 |
1 |
|
|a синтез
|
| 610 |
1 |
|
|a антенны СВЧ
|
| 610 |
1 |
|
|a радиотехнические системы
|
| 610 |
1 |
|
|a радиотехнические схемы
|
| 610 |
1 |
|
|a СВЧ-приборы
|
| 675 |
|
|
|a 621.37
|z rus
|v 3
|
| 702 |
|
1 |
|a Терещенко
|b А. И.
|4 340
|
| 801 |
|
0 |
|a RU
|b RuMRKP
|c 19950704
|g psbo
|
| 801 |
|
1 |
|a RU
|b 63413507
|c 20150722
|
| 801 |
|
2 |
|a RU
|b 63413507
|c 20190311
|g RCR
|
| 942 |
|
|
|c BK
|